000
00268nam a22000977a 4500
999
_c
11777
_d
11777
008
200215b ||||| |||| 00| 0 eng d
020
_a
97809837818399
100
_a
Davidson Joyce Alice
_9
7461
245
_a
The Story of Easter
260
_a
Norwalk
_b
C.R.Gibson Company
_c
1988